Hướng dẫn thực hành kinh doanh xuất nhập khẩu tại Việt Nam /

محفوظ في:
التفاصيل البيبلوغرافية
المؤلف الرئيسي: Võ Thanh Thu
مؤلفون آخرون: Đoàn Thị Hồng Vân
التنسيق: Sách giấy
اللغة:Vietnamese
منشور في: Hà Nội : Thống kê , 1994
الوسوم: إضافة وسم
لا توجد وسوم, كن أول من يضع وسما على هذه التسجيلة!
Thư viện lưu trữ: Thư viện Trường Đại học Đà Lạt
LEADER 00683nam a2200265 4500
001 DLU020014500
005 ##7/1/2000
020 # # |a 978- 
041 # # |a vie 
082 # # |a 382  |b VO-T 
090 # # |a 382  |b VO-T 
100 # # |a Võ Thanh Thu 
245 # # |a Hướng dẫn thực hành kinh doanh xuất nhập khẩu tại Việt Nam /  |c Võ Thanh Thu, Đoàn Thị Hồng Vân 
260 # # |a Hà Nội :  |b Thống kê ,  |c 1994 
300 # # |a 420 tr.;   |c 29 cm. 
700 # # |a Đoàn Thị Hồng Vân 
992 # # |a 37000 
994 # # |a DLU 
900 # # |a False 
911 # # |a Administrator 
925 # # |a G 
926 # # |a A 
927 # # |a SH 
980 # # |a Thư viện Trường Đại học Đà Lạt